| 000 | 01316nam0a22003131 4500 | ||
|---|---|---|---|
| 001 | rc\2279917 | ||
| 005 | 20110829191523.2 | ||
| 035 | _a(NLR Aleph) 006559356 | ||
| 090 |
_a6826632 _c6826632 |
||
| 100 | _a20110829d1977 |||y0rusy50 ca | ||
| 101 | 0 | _arus | |
| 102 | _aRU | ||
| 105 | _ay z ||||| | ||
| 200 | 1 |
_aАтеистическое воспитание сельских тружеников _fЕ. Борщ, В. Коробова |
|
| 210 |
_aМосква _cПрофиздат _d1977 |
||
| 215 |
_a47 с. _d20 |
||
| 225 | 1 |
_aБиблиотечка сельского профсоюзного активиста _v7 |
|
| 606 |
_aАтеистическое воспитание на селе _yОдесская область _2psbo |
||
| 606 |
_aПрофсоюзная работа среди рабочих и служащих сельского хозяйства и заготовок _yОдесская область _2psbo |
||
| 686 |
_aФ72(2)350.38 _2rubbk |
||
| 686 |
_aЭ165.2 _2rubbk |
||
| 700 | 1 |
_aБорщ _bЕ. Г. _gЕвгений Григорьевич |
|
| 701 | 1 |
_aКоробова _bВ. А. _gВалентина Александровна |
|
| 801 | 0 |
_aRU _bNLR _gpsbo |
|
| 801 | 1 |
_aRU _bELAR _2rusmarc |
|
| 852 |
_aNLR _j77-4/11689 |
||
| 899 |
_aRuMoRGB _jБр 43/433 |
||
| 942 | _cBOOK | ||
| 980 | _aNB | ||